000
00287nam a22001337a 4500
008
180307b xxu||||| |||| 00| 0 eng d
020
_a
9780073048628
041
_a
eng
080
_2
5th
_a
54
100
_a
12
101
_a
KIM
245
_a
Chemistry
_c
Silbergerg,M,S
942
_2
udc
_c
BK
999
_c
44245
_d
44245